00997cam a22002775a 4500001001000000003000400010005001700014008004100031020001800072020002200090040004700112082002000159245006700179260004800246300002400294500002400318504003100342650004600373650002700419651001000446653002500456700005900481942000800540999001700548952015400565016540066OSt20201128023630.0130808s2014 enk frb 001 0 eng d a9780745670553 a0745670555 (hbk.) aUK-WkNBbengcUK-WkNBdUkOxUdUkdEG-ScBUE04a302.23222bMED00aMedia sociology :ba reappraisal /cedited by Silvio Waisbord. aCambridge ;aMalden :bPolity Press,c2014. avi, 298 p. ;c24 cm aIndex : p. 293-298. aBibliography : p. 248-292. 7aMass mediaxSocial aspects.2BUEsh939331 7aSociology.2BUEsh9718 2BUEsh bBUSBOLcFebruary20161 aWaisbord, Silvio R.q(Silvio Ricardo),d1961-eeditor. 2ddc c21136d21108 00102ddc40708AcademicaMAINbMAINc1STd2016-02-14ePurchaseg700.00h4868l3o302.23 MEDp000031533r2025-11-11 00:00:00s2025-10-12v875.00yBB